000 01120nas a2200325 4500
001 BR0305305
003 BR-BrBNA
005 20231205104135.0
007 ta
008 230509b bl.|||p| |||| 00| 00por d
040 _aBR-BrBNA
_bpor
_cBiblioteca Nacional de Agricultura
041 _a(Pt)
072 _aF02
100 1 _aGiacob, C.L.
100 1 _aGomes, F.R.C.
100 1 _aKroth, L.L.
100 1 _aConceição, M.K.
100 1 _aFortes, G.R. de L.
245 1 _aMultiplicação in vitro de porta-enxerto de macieira cv. Marubakaido (Malus prunifolia Willd, Borkh)com diferentes níveis de benzilaminopurina e ácido naftalenacético
650 _aMAÇÃ
650 _aPORTA ENXERTO
650 _aMICROPROPAGAÇÃO
650 _aREGULADOR DE CRESCIMENTO
650 _aCULTURA IN VITRO
650 _aÁCIDO NAFTALENO-ACÉTICO
773 0 _tRevista Brasileira de Agrociência (Brazil)
_xISSN 0104-8996
_g(Jan-Mar 2003), v. 9(1) p. 31-33
_wBR0305305
856 4 0 _uhttp://www.ufpel.tche.br/faem/agrociencia/v9n1/artigo05.htm
909 _a202311
_bLúcia
_c55
_dLúcia Elande
942 _2AGRIS
_n0
_cANA
999 _c176578
_d176578